Normal view
MARC view
- Rabies
Entry Topical Term
001 - CONTROL NUMBER
- control field: 86895
003 - CONTROL NUMBER IDENTIFIER
- control field: OSt
005 - DATE AND TIME OF LATEST TRANSACTION
- control field: 20251117104928.0
008 - FIXED-LENGTH DATA ELEMENTS
- fixed length control field: 251117|| aca||aabn | a|a d
040 ## - CATALOGING SOURCE
- Original cataloging agency: OSt
- Transcribing agency: OSt
150 ## - HEADING--TOPICAL TERM
- Topical term or geographic name as entry element: Rabies
- Form subdivision: non-fiction
670 ## - SOURCE DATA FOUND
- Source citation: Work cat.: (OSt)49773: Sovath, Ly 86894, (KHMER) I want to know:, 2021